[Event "World Youth & Cadets Blitz Championships"]
[Site "Rhodes, Greece"]
[Date "2022.05.03"]
[Round "4.37"]
[White "Seemann, Pola"]
[Black "Bendik, Margarita"]
[Result "1-0"]
[TimeControl "5'/game & 2\"/move"]
[WhiteElo "1439"]
[BlackElo "1457"]

1. e4 {[%clk 00:05:02]} {[%emt 00:00:02]} d5 {[%clk 00:05:03]} {[%emt
00:00:01]} 2. exd5 {[%clk 00:05:02]} Qxd5 {[%clk 00:05:05]} 3. Nc3 {[%clk
00:05:02]} {[%emt 00:00:03]} Qd6 {[%clk 00:05:06]} {[%emt 00:00:01]} 4. d4
{[%clk 00:05:03]} {[%emt 00:00:01]} Nf6 {[%clk 00:05:07]} 5. Nf3 {[%clk
00:05:03]} {[%emt 00:00:02]} c6 {[%clk 00:05:09]} 6. h3 {[%clk 00:04:58]}
{[%emt 00:00:08]} Bf5 {[%clk 00:05:08]} {[%emt 00:00:03]} 7. Be2 {[%clk
00:04:51]} {[%emt 00:00:07]} e6 {[%clk 00:05:07]} {[%emt 00:00:03]} 8. Be3
{[%clk 00:04:46]} {[%emt 00:00:07]} h6 {[%clk 00:05:07]} {[%emt 00:00:02]} 9.
Qd2 {[%clk 00:04:43]} {[%emt 00:00:05]} Nbd7 {[%clk 00:05:05]} {[%emt
00:00:04]} 10. O-O {[%clk 00:04:42]} {[%emt 00:00:04]} Qc7 {[%clk 00:05:04]}
{[%emt 00:00:04]} 11. Rfe1 {[%clk 00:04:28]} {[%emt 00:00:15]} Bd6 {[%clk
00:04:51]} {[%emt 00:00:15]} 12. Bd3 {[%clk 00:03:57]} {[%emt 00:00:32]} Bxd3
{[%clk 00:04:49]} {[%emt 00:00:05]} 13. Qxd3 {[%clk 00:03:57]} {[%emt
00:00:02]} O-O-O {[%clk 00:04:08]} {[%emt 00:00:43]} 14. Ne2 {[%clk 00:03:55]}
{[%emt 00:00:05]} g5 {[%clk 00:03:49]} {[%emt 00:00:21]} 15. Nd2 {[%clk
00:03:31]} {[%emt 00:00:25]} Nd5 {[%clk 00:03:46]} {[%emt 00:00:06]} 16. c4
{[%clk 00:03:24]} {[%emt 00:00:08]} Nxe3 {[%clk 00:03:37]} {[%emt 00:00:10]} 17.
Qxe3 {[%clk 00:03:21]} {[%emt 00:00:05]} h5 {[%clk 00:03:25]} {[%emt 00:00:15]}
18. c5 {[%clk 00:03:07]} {[%emt 00:00:16]} Bf4 {[%clk 00:03:25]} {[%emt
00:00:01]} 19. Nxf4 {[%clk 00:03:06]} {[%emt 00:00:03]} gxf4 {[%clk 00:03:26]}
{[%emt 00:00:01]} 20. Qf3 {[%clk 00:03:00]} {[%emt 00:00:08]} Nf6 {[%clk
00:02:48]} {[%emt 00:00:41]} 21. Ne4 {[%clk 00:02:46]} {[%emt 00:00:16]} Nd5
{[%clk 00:02:03]} {[%emt 00:00:47]} 22. Nd6+ {[%clk 00:02:46]} {[%emt
00:00:02]} Kb8 {[%clk 00:02:05]} {[%emt 00:00:01]} 23. Rad1 {[%clk 00:02:33]}
{[%emt 00:00:13]} Rdg8 {[%clk 00:02:04]} {[%emt 00:00:04]} 24. Rd3 {[%clk
00:02:29]} {[%emt 00:00:06]} b6 {[%clk 00:01:56]} {[%emt 00:00:11]} 25. Rb3
{[%clk 00:02:22]} {[%emt 00:00:09]} Rg7 {[%clk 00:01:46]} {[%emt 00:00:11]} 26.
Kh1 {[%clk 00:02:01]} {[%emt 00:00:22]} Rhg8 {[%clk 00:01:47]} {[%emt
00:00:02]} 27. Rg1 {[%clk 00:02:02]} {[%emt 00:00:01]} h4 {[%emt 00:00:13]} 28.
a4 {[%clk 00:01:59]} Ka8 {[%clk 00:01:04]} {[%emt 00:00:38]} 29. Nc4 {[%clk
00:01:51]} {[%emt 00:00:11]} f5 {[%clk 00:00:37]} {[%emt 00:00:29]} 30. cxb6
{[%clk 00:01:47]} {[%emt 00:00:06]} axb6 {[%clk 00:00:38]} 31. Ne5 {[%clk
00:01:44]} {[%emt 00:00:05]} Kb7 {[%clk 00:00:27]} {[%emt 00:00:14]} 32. a5
{[%clk 00:01:41]} {[%emt 00:00:04]} b5 {[%clk 00:00:28]} {[%emt 00:00:01]} 33.
a6+ {[%clk 00:01:39]} {[%emt 00:00:05]} Ka7 {[%emt 00:00:15]} 34. Ra3 {[%clk
00:01:22]} {[%emt 00:00:17]} Rg5 {[%clk 00:00:09]} {[%emt 00:00:09]} 35. Raa1
{[%clk 00:01:20]} {[%emt 00:00:04]} R5g7 {[%clk 00:00:08]} {[%emt 00:00:03]} 36.
Rac1 {[%clk 00:01:20]} {[%emt 00:00:01]} Qb6 {[%clk 00:00:04]} {[%emt
00:00:07]} 37. Nxc6+ {[%clk 00:01:16]} {[%emt 00:00:06]} Ka8 {[%clk 00:00:03]}
{[%emt 00:00:03]} 38. Rc5 {[%clk 00:01:10]} {[%emt 00:00:08]} Qxa6 {[%clk
00:00:03]} {[%emt 00:00:02]} 39. Qd3 {[%clk 00:00:57]} {[%emt 00:00:14]} Nc7
{[%clk 00:00:03]} {[%emt 00:00:03]} 40. Nb4 {[%clk 00:00:53]} {[%emt 00:00:06]}
Qb6 {[%clk 00:00:05]} 41. Rc6 {[%clk 00:00:52]} {[%emt 00:00:04]} Qb7 {[%clk
00:00:06]} {[%emt 00:00:01]} 42. Qf3 {[%clk 00:00:50]} {[%emt 00:00:03]} Kb8
{[%clk 00:00:06]} {[%emt 00:00:02]} 43. Qxf4 {[%clk 00:00:50]} {[%emt
00:00:01]} Rd8 {[%clk 00:00:04]} {[%emt 00:00:05]} 44. Qe5 {[%clk 00:00:48]}
{[%emt 00:00:04]} Re7 {[%clk 00:00:03]} {[%emt 00:00:03]} 45. Rgc1 {[%clk
00:00:47]} {[%emt 00:00:03]} Rdd7 {[%clk 00:00:04]} {[%emt 00:00:02]} 46. Qh8+
{[%clk 00:00:47]} {[%emt 00:00:01]} Ka7 {[%emt 00:00:03]} 47. Ra1+ {[%clk
00:00:47]} Na6 {[%clk 00:00:03]} {[%emt 00:00:04]} 48. Raxa6+ {[%clk 00:00:46]}
{[%emt 00:00:02]} 1-0

[Event "World Youth & Cadets Blitz Championships"]
[Site "Rhodes, Greece"]
[Date "2022.05.03"]
[Round "4.38"]
[White "Gaszka, Zuzanna"]
[Black "Kawa, Anna"]
[Result "1-0"]
[TimeControl "5'/game & 2\"/move"]
[WhiteElo "1349"]
[BlackElo "1353"]

1. e4 {[%clk 00:05:03]} g6 {[%clk 00:05:03]} {[%emt 00:00:01]} 2. d4 {[%clk
00:05:04]} {[%emt 00:00:02]} Bg7 {[%clk 00:05:05]} 3. Nc3 {[%clk 00:05:02]}
{[%emt 00:00:04]} c6 {[%clk 00:05:06]} {[%emt 00:00:01]} 4. Nf3 {[%clk
00:05:02]} {[%emt 00:00:02]} d5 {[%clk 00:05:07]} 5. h3 {[%clk 00:04:59]}
{[%emt 00:00:04]} dxe4 {[%clk 00:04:42]} {[%emt 00:00:27]} 6. Nxe4 {[%clk
00:04:59]} {[%emt 00:00:02]} Nd7 {[%clk 00:04:43]} 7. Bc4 {[%clk 00:04:41]}
{[%emt 00:00:21]} Ngf6 {[%clk 00:04:41]} {[%emt 00:00:05]} 8. Nxf6+ {[%clk
00:04:31]} {[%emt 00:00:10]} Nxf6 {[%clk 00:04:40]} {[%emt 00:00:03]} 9. O-O
{[%clk 00:04:27]} {[%emt 00:00:06]} O-O {[%clk 00:04:40]} {[%emt 00:00:02]} 10.
c3 {[%clk 00:04:27]} {[%emt 00:00:02]} Bf5 {[%clk 00:04:32]} {[%emt 00:00:11]}
11. Re1 {[%clk 00:04:22]} {[%emt 00:00:06]} e6 {[%clk 00:04:22]} {[%emt
00:00:12]} 12. Bg5 {[%clk 00:04:22]} {[%emt 00:00:03]} h6 {[%clk 00:03:55]}
{[%emt 00:00:29]} 13. Bxf6 {[%clk 00:04:00]} {[%emt 00:00:24]} Qxf6 {[%clk
00:03:55]} {[%emt 00:00:01]} 14. g4 {[%clk 00:03:58]} {[%emt 00:00:04]} Bc2
{[%clk 00:03:53]} {[%emt 00:00:04]} 15. Qxc2 {[%clk 00:03:26]} {[%emt
00:00:34]} Qxf3 {[%clk 00:03:54]} {[%emt 00:00:01]} 16. Re3 {[%clk 00:03:27]}
Qf6 {[%clk 00:03:50]} {[%emt 00:00:06]} 17. Rae1 {[%clk 00:03:25]} {[%emt
00:00:05]} Rae8 {[%clk 00:03:38]} {[%emt 00:00:13]} 18. Qe2 {[%clk 00:03:16]}
{[%emt 00:00:11]} Re7 {[%clk 00:03:26]} {[%emt 00:00:15]} 19. Rf3 {[%clk
00:03:10]} {[%emt 00:00:08]} Qg5 {[%clk 00:03:19]} {[%emt 00:00:07]} 20. Qc2
{[%clk 00:02:25]} {[%emt 00:00:49]} h5 {[%clk 00:02:59]} {[%emt 00:00:21]} 21.
Rg3 {[%clk 00:02:25]} {[%emt 00:00:02]} c5 {[%clk 00:02:30]} {[%emt 00:00:32]}
22. gxh5 {[%clk 00:02:24]} {[%emt 00:00:03]} Qxh5 {[%clk 00:02:31]} {[%emt
00:00:01]} 23. d5 {[%clk 00:02:12]} {[%emt 00:00:14]} e5 {[%clk 00:02:16]}
{[%emt 00:00:17]} 24. d6 {[%clk 00:02:11]} {[%emt 00:00:03]} Rd7 {[%clk
00:02:12]} {[%emt 00:00:06]} 25. Qxg6 {[%clk 00:02:03]} {[%emt 00:00:10]} Qxg6
{[%clk 00:02:12]} 26. Rxg6 {[%clk 00:02:04]} {[%emt 00:00:02]} Kh7 {[%clk
00:02:10]} {[%emt 00:00:04]} 27. Rg5 {[%clk 00:01:53]} {[%emt 00:00:12]} Rxd6
{[%clk 00:02:08]} {[%emt 00:00:04]} 28. Rf5 {[%clk 00:01:48]} {[%emt 00:00:07]}
Rg6+ {[%clk 00:02:05]} {[%emt 00:00:05]} 29. Kh2 {[%clk 00:01:46]} {[%emt
00:00:04]} f6 {[%clk 00:02:05]} {[%emt 00:00:03]} 30. Rh5+ {[%clk 00:01:19]}
{[%emt 00:00:28]} Bh6 {[%clk 00:02:04]} {[%emt 00:00:04]} 31. Bd3 {[%clk
00:01:16]} {[%emt 00:00:05]} f5 {[%clk 00:01:58]} {[%emt 00:00:08]} 32. Bxf5
{[%clk 00:01:15]} {[%emt 00:00:02]} Rxf5 {[%clk 00:01:49]} {[%emt 00:00:11]} 33.
Rxf5 {[%clk 00:01:16]} {[%emt 00:00:01]} Bf4+ {[%clk 00:01:51]} 34. Kh1 {[%clk
00:01:14]} {[%emt 00:00:04]} Rh6 {[%clk 00:01:45]} {[%emt 00:00:07]} 35. Kg2
{[%clk 00:01:05]} {[%emt 00:00:12]} Rg6+ {[%clk 00:01:46]} 36. Kf3 {[%clk
00:00:56]} {[%emt 00:00:09]} Rb6 {[%clk 00:01:40]} {[%emt 00:00:10]} 37. Rg1
{[%clk 00:00:38]} {[%emt 00:00:19]} Rh6 {[%clk 00:01:20]} {[%emt 00:00:23]} 38.
Rf7+ {[%clk 00:00:37]} {[%emt 00:00:03]} Kh8 {[%clk 00:01:21]} {[%emt
00:00:01]} 39. Rh1 {[%clk 00:00:30]} {[%emt 00:00:09]} Rb6 {[%clk 00:01:13]}
{[%emt 00:00:10]} 40. Rd1 {[%clk 00:00:29]} {[%emt 00:00:03]} Kg8 {[%clk
00:01:02]} {[%emt 00:00:12]} 41. Re7 {[%clk 00:00:25]} {[%emt 00:00:06]} Kf8
{[%clk 00:00:57]} {[%emt 00:00:08]} 42. Rdd7 {[%clk 00:00:16]} {[%emt
00:00:11]} Rxb2 {[%clk 00:00:32]} {[%emt 00:00:27]} 43. Rxb7 {[%clk 00:00:16]}
{[%emt 00:00:02]} Rc2 {[%clk 00:00:16]} {[%emt 00:00:18]} 44. Rh7 {[%clk
00:00:09]} {[%emt 00:00:08]} Rxc3+ {[%clk 00:00:14]} {[%emt 00:00:04]} 45. Kg2
{[%clk 00:00:10]} {[%emt 00:00:01]} Kg8 {[%clk 00:00:15]} {[%emt 00:00:02]} 46.
Rhd7 {[%clk 00:00:11]} {[%emt 00:00:01]} Bh6 {[%clk 00:00:07]} {[%emt
00:00:10]} 47. Rxa7 {[%clk 00:00:10]} {[%emt 00:00:02]} Rc2 {[%clk 00:00:05]}
{[%emt 00:00:05]} 48. Ra8+ {[%clk 00:00:11]} {[%emt 00:00:01]} Bf8 {[%clk
00:00:06]} {[%emt 00:00:01]} 49. Rdd8 {[%clk 00:00:12]} 1-0

[Event "World Youth & Cadets Blitz Championships"]
[Site "Rhodes, Greece"]
[Date "2022.05.03"]
[Round "4.39"]
[White "Hnatyshyn, Anastasiia"]
[Black "Smietanska, Wiktoria"]
[Result "1-0"]
[TimeControl "5'/game & 2\"/move"]
[WhiteElo "1784"]
[BlackElo "1890"]

1. e4 {[%clk 00:05:02]} {[%emt 00:00:02]} c5 {[%clk 00:05:03]} {[%emt
00:00:02]} 2. Nf3 {[%clk 00:05:02]} {[%emt 00:00:01]} d6 {[%clk 00:05:04]}
{[%emt 00:00:01]} 3. d4 {[%clk 00:05:02]} {[%emt 00:00:01]} cxd4 {[%clk
00:05:04]} {[%emt 00:00:02]} 4. Nxd4 {[%clk 00:05:02]} {[%emt 00:00:01]} Nf6
{[%clk 00:05:05]} {[%emt 00:00:02]} 5. Nc3 {[%clk 00:05:03]} {[%emt 00:00:01]}
a6 {[%clk 00:05:06]} {[%emt 00:00:01]} 6. Bd3 {[%clk 00:05:00]} {[%emt
00:00:04]} e5 {[%clk 00:05:05]} {[%emt 00:00:03]} 7. Nde2 {[%clk 00:05:01]}
{[%emt 00:00:02]} Be7 {[%clk 00:04:58]} {[%emt 00:00:09]} 8. O-O {[%clk
00:04:59]} {[%emt 00:00:03]} O-O {[%clk 00:04:56]} {[%emt 00:00:04]} 9. Bg5
{[%clk 00:04:58]} {[%emt 00:00:03]} Nbd7 {[%clk 00:04:52]} {[%emt 00:00:07]} 10.
Ng3 {[%clk 00:04:52]} {[%emt 00:00:07]} h6 {[%clk 00:04:51]} {[%emt 00:00:03]}
11. Bxf6 {[%clk 00:04:27]} {[%emt 00:00:27]} Nxf6 {[%clk 00:04:52]} {[%emt
00:00:02]} 12. Bc4 {[%clk 00:04:16]} {[%emt 00:00:12]} Qc7 {[%clk 00:04:45]}
{[%emt 00:00:09]} 13. Bb3 {[%clk 00:04:15]} {[%emt 00:00:04]} Be6 {[%clk
00:04:14]} {[%emt 00:00:33]} 14. Qe2 {[%clk 00:03:36]} {[%emt 00:00:41]} Rac8
{[%clk 00:04:01]} {[%emt 00:00:15]} 15. Rfd1 {[%clk 00:03:17]} {[%emt
00:00:19]} Rfd8 {[%clk 00:04:02]} {[%emt 00:00:03]} 16. h3 {[%clk 00:03:07]}
{[%emt 00:00:12]} b5 {[%clk 00:03:57]} {[%emt 00:00:07]} 17. Rac1 {[%clk
00:02:47]} {[%emt 00:00:22]} Qb7 {[%clk 00:03:37]} {[%emt 00:00:22]} 18. Nd5
{[%clk 00:02:25]} {[%emt 00:00:23]} Nxd5 {[%clk 00:02:39]} {[%emt 00:01:00]} 19.
Bxd5 {[%clk 00:02:25]} {[%emt 00:00:02]} Bxd5 {[%clk 00:02:26]} {[%emt
00:00:16]} 20. Rxd5 {[%clk 00:02:19]} {[%emt 00:00:08]} g6 {[%clk 00:02:25]}
{[%emt 00:00:03]} 21. Rcd1 {[%clk 00:02:09]} {[%emt 00:00:11]} Rc6 {[%clk
00:02:22]} {[%emt 00:00:04]} 22. c3 {[%clk 00:01:51]} {[%emt 00:00:22]} Rdc8
{[%clk 00:02:19]} {[%emt 00:00:04]} 23. Qg4 {[%clk 00:01:29]} {[%emt 00:00:24]}
Kh7 {[%clk 00:02:05]} {[%emt 00:00:17]} 24. Qf3 {[%clk 00:01:15]} {[%emt
00:00:15]} Bf8 {[%clk 00:00:59]} {[%emt 00:01:08]} 25. Nf1 {[%clk 00:01:12]}
{[%emt 00:00:05]} R8c7 {[%clk 00:00:45]} {[%emt 00:00:16]} 26. Ne3 {[%clk
00:01:10]} {[%emt 00:00:04]} b4 {[%clk 00:00:46]} {[%emt 00:00:02]} 27. c4
{[%clk 00:01:06]} {[%emt 00:00:06]} Rc5 {[%clk 00:00:17]} {[%emt 00:00:30]} 28.
b3 {[%clk 00:01:06]} {[%emt 00:00:02]} Rxd5 {[%clk 00:00:13]} {[%emt 00:00:07]}
29. Nxd5 {[%clk 00:01:06]} {[%emt 00:00:01]} Rc5 {[%clk 00:00:14]} {[%emt
00:00:02]} 30. Nf6+ {[%clk 00:01:03]} {[%emt 00:00:05]} Kh8 {[%clk 00:00:11]}
{[%emt 00:00:05]} 31. Qg4 {[%clk 00:00:41]} {[%emt 00:00:23]} Be7 {[%clk
00:00:08]} {[%emt 00:00:06]} 32. Nd5 {[%clk 00:00:39]} {[%emt 00:00:04]} Bf8
{[%clk 00:00:05]} {[%emt 00:00:05]} 33. Qh4 {[%clk 00:00:39]} {[%emt 00:00:01]}
Bg7 {[%clk 00:00:04]} {[%emt 00:00:04]} 34. Qd8+ {[%clk 00:00:39]} {[%emt
00:00:01]} 1-0

[Event "World Youth & Cadets Blitz Championships"]
[Site "Rhodes, Greece"]
[Date "2022.05.03"]
[Round "4.40"]
[White "Beber, Anja"]
[Black "Maklakova, Naomi"]
[Result "1-0"]
[TimeControl "5'/game & 2\"/move"]
[WhiteElo "1491"]
[BlackElo "1516"]

1. e4 {[%clk 00:05:01]} {[%emt 00:00:02]} e5 {[%clk 00:05:04]} {[%emt
00:00:01]} 2. Bc4 {[%clk 00:05:01]} {[%emt 00:00:02]} Nf6 {[%clk 00:04:57]}
{[%emt 00:00:08]} 3. Nf3 {[%clk 00:05:00]} {[%emt 00:00:04]} Nc6 {[%clk
00:04:58]} {[%emt 00:00:01]} 4. d3 {[%clk 00:04:59]} {[%emt 00:00:02]} Be7
{[%clk 00:04:48]} {[%emt 00:00:13]} 5. O-O {[%clk 00:04:56]} {[%emt 00:00:05]}
d6 {[%clk 00:04:48]} {[%emt 00:00:02]} 6. h3 {[%clk 00:04:55]} {[%emt
00:00:03]} O-O {[%clk 00:04:48]} {[%emt 00:00:02]} 7. c3 {[%clk 00:04:55]}
{[%emt 00:00:02]} a6 {[%clk 00:04:31]} {[%emt 00:00:19]} 8. Bb3 {[%clk
00:04:56]} {[%emt 00:00:02]} Na5 {[%clk 00:04:21]} {[%emt 00:00:11]} 9. Bc2
{[%clk 00:04:56]} {[%emt 00:00:03]} c5 {[%clk 00:04:17]} {[%emt 00:00:05]} 10.
Nbd2 {[%clk 00:04:51]} {[%emt 00:00:07]} b5 {[%clk 00:04:15]} {[%emt 00:00:04]}
11. a3 {[%clk 00:04:45]} {[%emt 00:00:08]} Bb7 {[%clk 00:04:08]} {[%emt
00:00:09]} 12. Re1 {[%clk 00:04:46]} {[%emt 00:00:01]} Rc8 {[%clk 00:04:05]}
{[%emt 00:00:06]} 13. Nf1 {[%clk 00:04:41]} {[%emt 00:00:06]} Nc6 {[%clk
00:04:04]} {[%emt 00:00:02]} 14. Ng3 {[%clk 00:04:42]} {[%emt 00:00:02]} Re8
{[%clk 00:03:48]} {[%emt 00:00:18]} 15. Be3 {[%clk 00:04:38]} {[%emt 00:00:05]}
Nd7 {[%clk 00:03:46]} {[%emt 00:00:05]} 16. Qd2 {[%clk 00:04:30]} {[%emt
00:00:11]} Rf8 {[%clk 00:03:17]} {[%emt 00:00:31]} 17. Rad1 {[%clk 00:04:26]}
{[%emt 00:00:05]} Bh4 {[%clk 00:03:03]} {[%emt 00:00:16]} 18. Nxh4 {[%clk
00:04:25]} {[%emt 00:00:02]} Qxh4 {[%clk 00:03:03]} {[%emt 00:00:02]} 19. Bg5
{[%clk 00:04:14]} {[%emt 00:00:13]} Qxg3 {[%clk 00:02:46]} {[%emt 00:00:20]} 20.
fxg3 {[%clk 00:04:14]} {[%emt 00:00:02]} f6 {[%clk 00:02:45]} {[%emt 00:00:03]}
21. Be3 {[%clk 00:04:15]} {[%emt 00:00:01]} Ne7 {[%clk 00:02:41]} {[%emt
00:00:06]} 22. d4 {[%clk 00:04:05]} {[%emt 00:00:12]} exd4 {[%clk 00:02:27]}
{[%emt 00:00:16]} 23. cxd4 {[%clk 00:04:06]} {[%emt 00:00:02]} c4 {[%clk
00:02:24]} {[%emt 00:00:04]} 24. Bf4 {[%clk 00:03:54]} {[%emt 00:00:13]} d5
{[%clk 00:02:06]} {[%emt 00:00:20]} 25. exd5 {[%clk 00:03:51]} {[%emt
00:00:06]} Nxd5 {[%clk 00:02:07]} {[%emt 00:00:01]} 26. Bd6 {[%clk 00:03:43]}
{[%emt 00:00:10]} Rfd8 {[%clk 00:02:03]} {[%emt 00:00:06]} 27. Be4 {[%clk
00:03:32]} {[%emt 00:00:11]} N7b6 {[%clk 00:01:57]} {[%emt 00:00:10]} 28. Bxd5+
{[%clk 00:03:30]} {[%emt 00:00:04]} Nxd5 {[%clk 00:01:51]} {[%emt 00:00:08]} 29.
Bc5 {[%clk 00:03:29]} {[%emt 00:00:03]} Rc6 {[%clk 00:01:01]} {[%emt 00:00:52]}
30. Re2 {[%clk 00:03:18]} {[%emt 00:00:14]} Bc8 {[%clk 00:00:47]} {[%emt
00:00:15]} 31. Rde1 {[%clk 00:03:17]} {[%emt 00:00:02]} Nc7 {[%clk 00:00:36]}
{[%emt 00:00:13]} 32. Qf4 {[%clk 00:03:01]} {[%emt 00:00:18]} Bd7 {[%clk
00:00:16]} {[%emt 00:00:23]} 33. Qf3 {[%clk 00:02:54]} {[%emt 00:00:09]} Kh8
{[%clk 00:00:07]} {[%emt 00:00:12]} 34. Re7 {[%clk 00:02:48]} {[%emt 00:00:07]}
Ne8 {[%clk 00:00:04]} {[%emt 00:00:06]} 35. Rxd7 {[%clk 00:02:45]} {[%emt
00:00:04]} 1-0